| 000 | 00364nam a2200157Ia 4500 | ||
|---|---|---|---|
| 008 | 230312s9999||||xx |||||||||||||| ||und|| | ||
| 020 | _a0-13-089571-7 | ||
| 082 |
_a005.13 _bDEI-C |
||
| 100 | _aH.M. Deitel | ||
| 245 | 0 | _aC++ | |
| 260 |
_bWesley _aUSA _c2001 |
||
| 300 | _a1168 | ||
| 546 | _aEng. | ||
| 650 |
_aComputer _vArrays, Pointers and strings |
||
| 942 | _cBK | ||
| 999 |
_c3282 _d3282 |
||